Relatos de fantasmas /

Guardado en:
Autor Principal: Zorn, Steven; adap.
Otros Autores: Crawford, F. Marion., Bradley, John; il., Nesbit, Edith., Middleton, Richard., James, M.R., Pain, Barry., Irving, Washington., Doyle, Arthur Conan.
Formato: Libro
Idioma:Undetermined
Publicado: Buenos Aires : Vicens Vives, 2014.
Series:Cucaña / Francisco Antón
Materias:
Etiquetas: Agregar Etiqueta
Sin Etiquetas, Sea el primero en etiquetar este registro!
LEADER 01391nam a22003495a 4500
001 CEM.cems019507
008 220907s2014####ag############000#0#und#d
005 20220907090558.0
245 1 0 |a Relatos de fantasmas /  |c adaptado por Steven Zorn ; ilustrado por John Bradley. 
260 |a Buenos Aires :  |b Vicens Vives,  |c 2014. 
300 |a 96 p. 
490 1 |a Cucaña / Francisco Antón 
505 0 |a La litera superior / F. Marion Crawford -- En mármol y a tamaño natural / Edith Nesbit -- En la carretera de Brighton / Richard Middleton -- Corazones perdidos / M. R. James -- Rose Rose / Barry Pain -- La leyenda de la Hondanada Dormida / Washington Irving -- Se necesita fantasma / Arthur Conan Doyle -- Una criatura de costumbres / Ambrose Bierce 
020 |a 9789871291595 
100 1 |a Zorn, Steven; adap. 
700 1 |a Crawford, F. Marion. 
700 1 |a Bradley, John; il. 
700 1 |a Nesbit, Edith. 
700 1 |a Middleton, Richard. 
700 1 |a Middleton, Richard. 
700 1 |a James, M.R. 
700 1 |a Pain, Barry. 
700 1 |a Irving, Washington. 
700 1 |a Doyle, Arthur Conan. 
653 |a Literatura 
653 |a Literatura Norteamericana 
653 |a Literatura Estadounidense 
653 |a Cuentos 
653 |a Literatura infantil 
653 |a Relatos 
653 |a Monstruos 
859 |a CEMS  |b BIB. CEMS - Inicial y Primaria  |h 813.5  |i Z77-1  |k IP  |p 5541  |t Ej.1